| 000 | 01049nam a22002177a 4500 | ||
|---|---|---|---|
| 999 |
_c17997 _d17997 |
||
| 003 | BDDh-ASL | ||
| 005 | 20231015025652.0 | ||
| 008 | 200916b1977 ||||| |||| 00| 0 d | ||
| 040 |
_aBDDh-ASL _cBDDh-ASL _dBDDh-ASL |
||
| 041 | _abengali | ||
| 082 |
_a297.12 _bSHM |
||
| 100 | 1 |
_aশহীদুল্লাহ্, ডক্টর মুহম্মদ _9796 |
|
| 245 | 1 |
_aমহাবাণী: _bকুরআনুল করীমের আমপারা অংশ/ _cডক্টর মুহম্মদ শহীদুল্লাহ্। |
|
| 246 | _aMahabani. | ||
| 260 |
_aঢাকা: _bরেনেসাঁস প্রিন্টার্স, _c১৯৭৭। |
||
| 300 |
_a১৭৩ পৃষ্ঠা: _c১৮ সে. মি.। |
||
| 500 | _aগ্রন্থপঞ্জি সংযুক্ত। | ||
| 650 | 0 |
_9798 _aইসলামিক সমাজ ব্যবস্থা _xইসলাম ধর্ম |
|
| 700 | 0 |
_9799 _aসফিয়ুাল্লাহ্, মুহম্মদ |
|
| 942 |
_2ddc _cBK |
||